000 00561cam a22002053a 4500
001 43717
003 PGUSA
005 20140828084008.0
008 130914s2013||||xxu|||||s|||||000 | eng d
040 _aPGUSA
_beng
042 _adc
245 1 0 _aUusi suomalainen lukemisto
_h[electronic resource]
260 _bProject Gutenberg,
_c2013
506 _aPublic domain in the USA.
516 _aElectronic text
700 1 _aAhlqvist, August,
_d1826-1889
830 0 _aProject Gutenberg
_v43717
856 4 0 _uhttp://www.gutenberg.org/ebooks/43717
942 _cEB
999 _c272968
_d272968